000 00295nam a2200109Ia 4500
082 _a150.968 INTE
245 0 _aPainter,Desmond
100 _aInterior: A history of Physchology in South Africa
_930824
942 _cBK
020 _a9781868884483"
008 210816s9999 xx 000 0 und d
999 _c114836
_d114835